000 00306nam a2200133Ia 4500
008 230917s9999||||xx |||||||||||||| ||und||
040 _e96039
_aMAIN
041 _aEnglish
082 _a380 N292A
100 _aNeetu
245 0 _aAttitudes of rural consumers towards tea
300 _a87 p.
942 _cTH
999 _c88438
_d88438